| 000 | 00401nam a2200181Ia 4500 | ||
|---|---|---|---|
| 005 | 20250603145907.0 | ||
| 008 | 250603s9999 xx 000 0 und d | ||
| 020 | _a9781032461274 | ||
| 050 | _aHF 5410 .B85/ | ||
| 100 | _aBula, Piotr | ||
| 245 | 4 | _aThe Logistics Audit | |
| 260 | _aBoca | ||
| 260 | _bRaton | ||
| 260 | _c2023 | ||
| 300 | _aviii, 243p.: ill. | ||
| 650 | _aBoca | ||
| 942 | _cBK | ||
| 999 |
_c43170 _d43170 |
||